[Event "Mestre Sheraton op-B 1st"]
[Site "Mestre"]
[Date "2021.02.26"]
[Round "1"]
[White "Colbacchini, Maurizio"]
[Black "Franchin, Matteo"]
[Result "1-0"]
[WhiteElo "1760"]
[BlackElo "1444"]
[PlyCount "33"]
[EventDate "2021.02.26"]
[EventType "swiss"]
[EventRounds "5"]
[EventCountry "ITA"]
[SourceTitle "EXT 2023"]
[Source "ChessBase"]
[SourceDate "2022.10.05"]
[SourceVersion "1"]
[SourceVersionDate "2022.10.05"]
[SourceQuality "1"]

1. f4 e6 2. Nf3 Nf6 3. e3 d5 4. d4 Nbd7 5. Bd3 Be7 6. 0-0 0-0 7. c3 b6 8. Nbd2 h6 9. Ne5 Bb7 10. Qf3 Nxe5 11. fxe5 Ne4 12. Qg4 Nxd2 13. Bxd2 Bg5 14. g3 Rc8 15. h4 h5 16. Qxh5 Be7 17. Qh7# 1-0